LEADER 00827nam a2200229 i 4500 001 000000205427 003 CaOOAMICUS 005 20110822000000.0 008 110822s1899 it u000 u ita u 013 $a184164 040 $aSeMil$bita 100 1 $aAleardi, Aleardo <1812-1878>.$0(OLS)http://semarc/name/18703 245 10$aCanti /$cdi Aleardo Aleardi. 250 $a8. Ed. 260 $aFirenze :$bG. Barbčra,$c1899. 300 $aXXVIII, 499 p., [1] c. di tav. :$britr. ;$c20 cm. 490 0 $aCollezione gialla 830 0$aCollezione gialla.$0(OLS)http://semarc/title/31479 850 $aSeMil 852 $aSeMil$W1$xVenegono$y1$m1L IV 15 FA$j155921$B155921$CSeMilBibl$Z2$F167269 $8I 996 $6245$aCanti$9(OLS)http://semarc/title/120013 996 $6260$aFirenze :$bG. Barbčra$9(OLS)http://semarc/publisher/31283 LEADER 00576nab a2200157 i 4500 001 000000282213 003 CaOOAMICUS 005 20180831165215.0 008 180831n xx uu u0 0und r 013 $a35017 040 $aSeMil$bita 100 1 $aPedrone, Aldo.$0(OLS)http://semarc/name/37592 245 10$aQuando il marito si chiama Socrate /$cdue tempi di A. Pedrone. - 128 p., [2] p. di tav. 500 $aSupplemento a "Eco degli Oratori" N. 16/1987. 773 0 $t[1987.$dMilano : FOM, 1987.$w()235044 996 $6245$aQuando il marito si chiama Socrate$9(OLS)http://semarc/title/364364